[Event "WCh w Blitz Quarter-Final"]
[Site "Moscow RUS"]
[Date "2010.09.14"]
[Round "1"]
[White "Fominykh,M"]
[Black "Severina,M"]
[Result "1/2-1/2"]
[WhiteElo "2305"]
[BlackElo "2032"]
[EventDate "2010.09.14"]

1. d4 Nf6 2. c4 e6 3. Nf3 b6 4. g3 Bb7 5. Bg2 c5 6. O-O cxd4 7. Nxd4 Bxg2
8. Kxg2 Be7 9. Nc3 O-O 10. e4 Nc6 11. f3 Rc8 12. Ndb5 a6 13. Nd6 Bxd6 14.
Qxd6 Na5 15. b3 b5 16. Be3 Rc6 17. Qb4 bxc4 18. Na4 cxb3 19. Bb6 Rc2+ 20.
Rf2 Rxf2+ 21. Kxf2 Nc6 22. Qxb3 Qb8 23. Rd1 d5 24. Nc5 dxe4 25. fxe4 Qe5
26. Re1 h6 27. Nd3 1/2-1/2

[Event "WCh w Blitz Quarter-Final"]
[Site "Moscow RUS"]
[Date "2010.09.14"]
[Round "1"]
[White "Sharapova,A"]
[Black "Fatianova,T"]
[Result "0-1"]
[WhiteElo "2024"]
[BlackElo "2289"]
[EventDate "2010.09.14"]

1. e4 d6 2. d4 Nf6 3. Nc3 e5 4. dxe5 dxe5 5. Qxd8+ Kxd8 6. Bg5 Be6 7.
O-O-O+ Nbd7 8. f4 exf4 9. Nf3 Kc8 10. Bxf4 Bc5 11. Bb5 h6 12. Kb1 c6 13.
Be2 Ng4 14. Rhf1 Ne3 15. Bxe3 Bxe3 16. Nd4 Bxd4 17. Rxd4 Ne5 18. h3 Kc7 19.
Rfd1 Rhe8 20. h4 Re7 21. Bf3 Rae8 22. Ne2 Ng4 23. Nf4 Bc8 24. Re1 Ne5 25.
Ra4 Kb8 26. Ra3 Nc4 27. Rc3 Nd2+ 28. Ka1 Nxe4 29. Rce3 f5 30. g4 Kc7 31.
gxf5 Bxf5 32. Bxe4 Bxe4 33. Ne2 Bxc2 34. Rxe7+ Rxe7 35. Rc1 Bd3 36. Nd4 0-1

[Event "WCh w Blitz Quarter-Final"]
[Site "Moscow RUS"]
[Date "2010.09.14"]
[Round "1"]
[White "Mikhailova,I"]
[Black "Nikitina,E"]
[Result "0-1"]
[WhiteElo "2288"]
[BlackElo "2011"]
[EventDate "2010.09.14"]

1. d4 Nf6 2. Nf3 g6 3. c4 d5 4. cxd5 Nxd5 5. e4 Nf6 6. Nc3 Bg7 7. h3 O-O 8.
Be2 c6 9. O-O Nbd7 10. Bf4 e6 11. Qd2 b6 12. Rfd1 Bb7 13. Bh6 Rc8 14. Rac1
Qc7 15. e5 Nd5 16. Ne4 c5 17. Bxg7 Kxg7 18. Nd6 Rcd8 19. dxc5 bxc5 20. Nc4
N7b6 21. Qg5 Qe7 22. Qg3 Nxc4 23. Bxc4 Nc7 24. Rd6 Nd5 25. Bxd5 Bxd5 26.
Rxc5 Bxa2 27. Ng5 h6 28. Ne4 Bd5 29. Nf6 Rxd6 30. exd6 Qxf6 31. d7 Rd8 32.
Rc7 Qe7 33. Qe5+ Qf6 34. Qd6 h5 35. Rc8 Bb7 36. Rc7 Bd5 37. Rc8 Bb7 38. Rc7
Bd5 39. b4 Qg5 40. g3 Qf6 41. f4 Qa1+ 42. Kf2 Qb2+ 43. Ke3 Qb3+ 44. Kf2
Qb2+ 45. Ke3 0-1

[Event "WCh w Blitz Quarter-Final"]
[Site "Moscow RUS"]
[Date "2010.09.14"]
[Round "1"]
[White "Sukhareva,V"]
[Black "Meshcheriakova,E"]
[Result "0-1"]
[WhiteElo "1936"]
[BlackElo "2260"]
[EventDate "2010.09.14"]

1. d4 Nf6 2. e3 e6 3. Bd3 b6 4. f4 Bb7 5. Nf3 Be7 6. Nbd2 c5 7. c3 d6 8.
O-O Nbd7 9. e4 cxd4 10. cxd4 d5 11. e5 Ne4 12. Qe2 f5 13. exf6 Ndxf6 14.
Bb5+ Kf8 15. Ng5 Qd6 16. Bd3 Qc6 17. Ndf3 h6 18. Ne5 Qa4 19. Nxe6+ Kg8 20.
Ng6 Kf7 21. Nxh8+ Kxe6 22. Ng6 Bd6 23. Be3 a6 24. b3 Qb4 25. Ne5 Rc8 26.
Qf3 Rc3 27. Rad1 Ke7 28. Qh3 Bc8 29. f5 a5 30. Bd2 Nxd2 31. Rxd2 Qxd4+ 32.
Rff2 Rc1+ 33. Bf1 Qxe5 34. Rde2 Ne4 35. Qh4+ Qf6 36. Qg4 Bc5 37. Qf4 Bxf2+
38. Qxf2 Ba6 39. Re1 Rxe1 40. Qxe1 Bxf1 41. Qxf1 Qd4+ 42. Kh1 Qf2 43. Qc1
Qc5 44. h3 Qxc1+ 45. Kh2 Qf4+ 46. Kg1 Ng3 47. h4 d4 0-1

[Event "WCh w Blitz Quarter-Final"]
[Site "Moscow RUS"]
[Date "2010.09.14"]
[Round "1"]
[White "Chasovnikova,E"]
[Black "Dibirova,U"]
[Result "1/2-1/2"]
[WhiteElo "2248"]
[BlackElo "1871"]
[EventDate "2010.09.14"]

1. d4 d5 2. c4 c6 3. Nc3 g6 4. Nf3 Bg7 5. Bf4 Be6 6. cxd5 cxd5 7. e3 Nc6 8.
Be2 Nf6 9. h3 Ne4 10. O-O O-O 11. Rc1 Rc8 12. a3 h6 13. Nxe4 dxe4 14. Nd2
f5 15. b4 Bf7 16. Nc4 a6 17. f3 exf3 18. Bxf3 Nxb4 19. Qe2 Nc6 20. Rfd1 Kh7
21. d5 Na5 22. Nxa5 Qxa5 23. Rb1 b5 24. e4 g5 25. Bd2 Bc3 26. exf5 Qxa3 27.
Bxc3 Rxc3 28. Qe4 Re3 29. Qc2 Rc3 30. Qe4 Qc5+ 31. Kh1 Re3 32. Qg4 Rd8 33.
Rbc1 Qa3 34. Be4 Rg3 35. f6+ Bg6 36. Bxg6+ Kxg6 37. Qe6 exf6 38. Rf1 Rf8
39. Rc6 Qb2 40. Qe4+ Kg7 41. Rc7+ Rf7 42. d6 Qd2 43. Rxf7+ Kxf7 44. Qe7+
Kg8 45. Qe6+ Kg7 46. Qe4 Kf7 47. Qb7+ Kg6 48. d7 Rd3 49. Qe4+ Kg7 50. Qe7+
Kg8 51. Qxf6 Rxd7 52. Qf8+ Kh7 53. Qf5+ Kg8 54. Qf8+ Kh7 55. Qf5+ Kg8 56.
Qf8+ Kh7 57. Qf5+ Kg8 1/2-1/2

[Event "WCh w Blitz Quarter-Final"]
[Site "Moscow RUS"]
[Date "2010.09.14"]
[Round "1"]
[White "Abdumalik,Z"]
[Black "Mirzoeva,E"]
[Result "0-1"]
[WhiteElo "1870"]
[BlackElo "2239"]
[EventDate "2010.09.14"]

1. e4 c6 2. d4 d5 3. exd5 cxd5 4. c4 Nf6 5. Nc3 g6 6. Nf3 Bg7 7. c5 O-O 8.
Be2 Nc6 9. O-O b6 10. Bb5 Bb7 11. Bxc6 Bxc6 12. Ne5 Bb7 13. b4 Rc8 14. Be3
Nd7 15. Nxd7 Qxd7 16. Rc1 Rfd8 17. Qe2 e5 18. cxb6 exd4 19. bxa7 dxc3 20.
Bb6 Re8 21. Qd3 d4 22. Rfd1 Qc6 23. f3 Qxb6 24. Re1 Qxa7 25. Rxe8+ Rxe8 26.
Rc2 Re3 27. Qc4 d3 0-1

[Event "WCh w Blitz Quarter-Final"]
[Site "Moscow RUS"]
[Date "2010.09.14"]
[Round "1"]
[White "Sukhareva,E"]
[Black "Badzhieva,Giliana"]
[Result "1-0"]
[WhiteElo "2176"]
[BlackElo "1855"]
[EventDate "2010.09.14"]

1. d4 c6 2. c4 d6 3. Nc3 Nd7 4. g3 h6 5. Bg2 g5 6. e4 Bg7 7. Nge2 Nf8 8.
Be3 Qa5 9. Qd2 Bd7 10. f4 g4 11. f5 h5 12. Nf4 a6 13. h3 Nf6 14. a3 Qc7 15.
h4 e5 16. fxe6 Nxe6 17. O-O O-O-O 18. d5 Nf8 19. b4 c5 20. bxc5 dxc5 21.
Nd3 b6 22. e5 N6h7 23. d6 Qa7 24. Rxf7 Rg8 25. Nd5 1-0

[Event "WCh w Blitz Quarter-Final"]
[Site "Moscow RUS"]
[Date "2010.09.14"]
[Round "2"]
[White "Fatianova,T"]
[Black "Kharmunova,N"]
[Result "1-0"]
[WhiteElo "2289"]
[BlackElo "2121"]
[EventDate "2010.09.14"]

1. e4 c5 2. b3 Nc6 3. Bb2 d6 4. Bb5 e5 5. Ne2 Nf6 6. Bxc6+ bxc6 7. d3 Be7
8. O-O O-O 9. Nd2 Be6 10. h3 Nd7 11. f4 exf4 12. Nxf4 Bf6 13. Bxf6 Qxf6 14.
Kh1 Qh4 15. Qe1 Qh6 16. Qg3 Ne5 17. Nc4 Bxc4 18. bxc4 Rab8 19. Rab1 a5 20.
a3 a4 21. Ne2 Qe6 22. Nc3 Ra8 23. Rb6 f5 24. Rb7 Ng6 25. exf5 Rxf5 26. Rxf5
Qxf5 27. Qxd6 Rf8 28. Rb1 Qf2 29. Ne4 Qxc2 30. Rb8 Qc1+ 31. Kh2 Qf4+ 32.
Qxf4 Nxf4 33. Rxf8+ Kxf8 34. Nxc5 Ke7 35. Kg3 Ng6 36. Nxa4 Kd6 37. Nb2 Ke5
38. a4 Kd4 39. a5 Ne7 40. Kf4 Kc3 41. Na4+ Kxd3 42. Nb6 Kd4 43. a6 Ng6+ 44.
Kf5 Nh4+ 45. Ke6 1-0

[Event "WCh w Blitz Quarter-Final"]
[Site "Moscow RUS"]
[Date "2010.09.14"]
[Round "2"]
[White "Mirzoeva,E"]
[Black "Zarivkina,V"]
[Result "1-0"]
[WhiteElo "2239"]
[BlackElo "2084"]
[EventDate "2010.09.14"]

1. d4 d5 2. Nf3 Nf6 3. c4 e6 4. Nc3 g6 5. Bg5 Bg7 6. e3 h6 7. Bh4 Nbd7 8.
cxd5 g5 9. dxe6 fxe6 10. Bg3 c6 11. Bc4 Nd5 12. e4 Nxc3 13. bxc3 Nb6 14.
Bb3 O-O 15. O-O Kh8 16. Ne5 Qf6 17. Qh5 Kh7 18. f4 Nd7 19. Ng4 Qg6 20.
Qxg6+ Kxg6 21. Bxe6 h5 22. f5+ Kh7 23. Bxd7 Bxd7 24. Ne5 Be8 25. h3 b6 26.
Rad1 Rd8 27. Nf3 Kh6 28. h4 g4 29. Bf4+ Kh7 30. Ng5+ Kg8 31. Ne6 Rd7 32.
Nxf8 Kxf8 33. f6 Bh8 34. e5 Bf7 35. Bh6+ Ke8 36. Bg7 Bc4 37. Bxh8 Bxf1 38.
Rxf1 Kf7 39. Bg7 b5 40. Re1 Ke6 41. Kf2 b4 42. Ke3 bxc3 43. Rc1 c5 44. dxc5
Kxe5 45. f7+ Ke6 46. f8=Q 1-0

[Event "WCh w Blitz Quarter-Final"]
[Site "Moscow RUS"]
[Date "2010.09.14"]
[Round "2"]
[White "Imeeva,A"]
[Black "Sukhareva,E"]
[Result "0-1"]
[WhiteElo "2059"]
[BlackElo "2176"]
[EventDate "2010.09.14"]

1. e4 c5 2. Nf3 d6 3. d4 cxd4 4. Nxd4 Nf6 5. Nc3 a6 6. Be2 e5 7. Nb3 Be6 8.
O-O Nbd7 9. f4 Nb6 10. f5 Bc4 11. Bg5 Be7 12. Kh1 Rc8 13. Rb1 Qc7 14. Bxc4
Nxc4 15. Qf3 Nb6 16. Rbd1 h6 17. Bh4 Nbd7 18. Rd2 b5 19. a3 Qc4 20. Rfd1
O-O 21. h3 Rfe8 22. g4 Bf8 23. g5 hxg5 24. Bxg5 Nh7 25. Be3 Ndf6 26. Rg2
Kh8 27. Rdg1 Red8 28. Bg5 Nxg5 29. Rxg5 d5 30. exd5 e4 31. Qg3 Ne8 32. Rh5+
Kg8 33. f6 Nxf6 34. Rg5 Ne8 35. Rg4 Qc7 36. Qg2 f5 37. Rg5 Qf7 38. Rf1 Nd6
39. Ne2 Rxc2 40. Nbd4 Rxb2 41. Nxf5 Qxd5 42. Nxg7 Qf7 0-1

[Event "WCh w Blitz Quarter-Final"]
[Site "Moscow RUS"]
[Date "2010.09.14"]
[Round "2"]
[White "Krasenkova,I"]
[Black "Nikitina,E"]
[Result "0-1"]
[WhiteElo "2121"]
[BlackElo "2011"]
[EventDate "2010.09.14"]

1. d4 Nf6 2. c4 g6 3. Nc3 d5 4. cxd5 Nxd5 5. e4 Nxc3 6. bxc3 c5 7. Be3 Bg7
8. Qd2 cxd4 9. cxd4 Nc6 10. Rd1 O-O 11. Bc4 b6 12. Ne2 Bb7 13. f3 e6 14.
O-O Rc8 15. Bb5 Qe7 16. Qb2 Rfd8 17. Rd2 Na5 18. Qb3 Nxb3 19. axb3 a6 20.
Bc4 b5 21. Bd3 Bc6 22. h3 a5 23. Ra1 a4 24. bxa4 bxa4 25. Rc2 Bd7 26. Rca2
Ra8 27. Ra3 Bf8 28. R3a2 Qb4 29. Kf2 a3 30. d5 exd5 31. exd5 Bc5 32. Be4
Bxe3+ 33. Kxe3 Qc5+ 34. Kf4 Bb5 35. Nc1 Qd6+ 36. Ke3 f5 37. Bd3 Qc5+ 38.
Ke2 Re8+ 39. Kd1 Bxd3 40. Nxd3 Qxd5 41. Kc2 Rec8+ 42. Kd2 Qd6 43. Ke2 Re8+
44. Kd2 Red8 45. Ke2 Qxd3+ 46. Kf2 Rdc8 47. Kg1 Qd4+ 48. Kh2 Qd6+ 49. Kh1
Rc3 50. h4 Rac8 51. Kg1 Qg3 52. Rf1 Rc1 53. Rxa3 Rxf1+ 54. Kxf1 Rc2 0-1

[Event "WCh w Blitz Quarter-Final"]
[Site "Moscow RUS"]
[Date "2010.09.14"]
[Round "2"]
[White "Chan,Na"]
[Black "Chasovnikova,E"]
[Result "0-1"]
[WhiteElo "1753"]
[BlackElo "2248"]
[EventDate "2010.09.14"]

1. d4 d5 2. c4 e6 3. Nf3 Nf6 4. g3 dxc4 5. Nbd2 b5 6. Bg2 Bb7 7. O-O Be7 8.
a4 c6 9. Qc2 O-O 10. Rd1 Na6 11. e3 Nb4 12. Qc3 Nfd5 13. Qa3 Nc2 14. Qa2
Ndb4 15. Qb1 Nxa1 16. Qxa1 a6 17. Ne5 f6 18. Nef3 c5 19. b3 cxd4 20. Nxd4
Bxg2 21. Kxg2 e5 22. Nf5 Bc5 23. Ba3 Qd3 24. Nh4 Rad8 25. Nhf3 Nc2 26. Bxc5
Nxa1 0-1

[Event "WCh w Blitz Quarter-Final"]
[Site "Moscow RUS"]
[Date "2010.09.14"]
[Round "2"]
[White "Severina,M"]
[Black "Dogodkina,J"]
[Result "1-0"]
[WhiteElo "2032"]
[BlackElo "2087"]
[EventDate "2010.09.14"]

1. d4 Nf6 2. Nf3 e6 3. c4 b6 4. Nc3 Bb7 5. Bf4 Bb4 6. Qc2 Ne4 7. Nd2 f5 8.
f3 Nxd2 9. Qxd2 O-O 10. a3 Bxc3 11. Qxc3 d6 12. e3 Nd7 13. Bd3 Qe7 14.
O-O-O a5 15. Bg3 Rac8 16. e4 f4 17. Bf2 e5 18. dxe5 dxe5 19. Bc2 Nf6 20.
Kb1 Bc6 21. Bb3 Kh8 22. Rd2 a4 23. Bc2 Nd7 24. Rhd1 Nc5 25. Qb4 Rb8 26. Ka2
Rfc8 27. g3 fxg3 28. Bxg3 Be8 29. Qc3 Nb3 30. Bxb3 axb3+ 31. Kb1 Bg6 32.
Qxe5 Qf6 33. Rd7 Ra8 34. Qxf6 gxf6 35. Bh4 f5 36. Bf6+ Kg8 37. Rg7+ Kf8 38.
Rdd7 fxe4 39. fxe4 Bxe4+ 40. Kc1 Bg6 41. Bc3 c5 42. Be5 Rc6 43. Rge7 Rac8
44. Kd2 Kg8 45. Ke3 Ra8 46. Kf4 Rac8 47. Kg5 Ra8 48. Bf6 Bc2 49. Rg7+ Kf8
50. Rdf7+ Ke8 51. Rb7 Kf8 52. Rgd7 Bg6 53. Be7+ Kg8 54. Bf6 Re6 55. Rg7+
Kf8 56. Rgc7 Rae8 57. Bg7+ Kg8 58. Bc3 Ra8 59. h4 Re2 60. Kh6 Bc2 61. Rg7+
Kf8 62. Rbf7+ Ke8 63. Rb7 Re6+ 64. Kg5 Rg6+ 65. Rxg6 Bxg6 66. h5 Bc2 67.
Kf6 Ra6 68. Kg7 Kd8 69. h6 Kc8 70. Rf7 Kb8 71. Kg8 Ra8 72. Be5+ Kc8 73.
Rxh7 Bxh7+ 74. Kxh7 Ra7+ 75. Kg6 b5 76. cxb5 c4 77. Bg7 Ra8 78. h7 1-0

[Event "WCh w Blitz Quarter-Final"]
[Site "Moscow RUS"]
[Date "2010.09.14"]
[Round "3"]
[White "Sukhareva,E"]
[Black "Fatianova,T"]
[Result "0-1"]
[WhiteElo "2176"]
[BlackElo "2289"]
[EventDate "2010.09.14"]

1. d4 d5 2. Nf3 c6 3. c4 e6 4. e3 Nf6 5. Nbd2 Be7 6. b3 O-O 7. Bd3 Nbd7 8.
O-O Re8 9. Bb2 Nf8 10. Qe2 b6 11. Rac1 Bb7 12. Rfd1 Rc8 13. Ne5 c5 14. Ndf3
cxd4 15. exd4 Ng6 16. Ng5 Nxe5 17. dxe5 Ne4 18. Nxe4 dxe4 19. Bxe4 Qc7 20.
Rd3 Bxe4 21. Qxe4 Rcd8 22. Rcd1 Rxd3 23. Rxd3 Rd8 24. Rxd8+ Qxd8 25. Qd4
Qc7 26. a3 Bc5 27. Qd3 g6 28. b4 Bf8 29. f4 Qc6 30. h3 a5 31. Bc3 h5 32. h4
Bh6 33. g3 Bf8 34. Bd2 Qa4 35. Qc3 Qd1+ 36. Be1 a4 37. Kf2 Be7 38. Kg2 Qb1
39. Kf3 Qf5 40. Kg2 Qe4+ 41. Kf2 Kg7 42. Kg1 Bd8 43. Bf2 Qb1+ 44. Kg2 Qe4+
45. Kg1 Bc7 46. c5 bxc5 47. Qxc5 Bd8 48. Qd6 Qa8 49. Bc5 Qc8 50. Qf8+ Kh7
51. Qxf7+ Kh8 52. Qxg6 Qa8 53. Qxh5+ Kg7 54. Qg4+ Kf7 55. Qh5+ Kg7 56. Qe2
Qd5 57. h5 Kh6 58. g4 Qb3 59. g5+ Bxg5 60. Qe3 Qxe3+ 61. Bxe3 Kxh5 62. Kf2
Kg4 63. Bc5 Kxf4 64. Bd6 Ke4 65. b5 Kd5 66. b6 Kc6 67. Bc7 Kb7 0-1

[Event "WCh w Blitz Quarter-Final"]
[Site "Moscow RUS"]
[Date "2010.09.14"]
[Round "3"]
[White "Nikitina,E"]
[Black "Mirzoeva,E"]
[Result "0-1"]
[WhiteElo "2011"]
[BlackElo "2239"]
[EventDate "2010.09.14"]

1. d4 d5 2. Nf3 c6 3. e3 Nf6 4. Bd3 Bg4 5. b3 e6 6. Nbd2 Bd6 7. Bb2 O-O 8.
O-O Nbd7 9. c4 Qe7 10. Rc1 Ba3 11. Qc2 Bxb2 12. Qxb2 a5 13. a3 Bxf3 14.
Nxf3 Ne4 15. Bxe4 dxe4 16. Ne5 f5 17. Nxd7 Qxd7 18. Rfd1 Qe7 19. d5 e5 20.
c5 f4 21. d6 Qg5 22. exf4 exf4 23. Qd2 e3 24. fxe3 fxe3 25. Qe2 Rf2 26.
Qc4+ Kh8 27. Qe4 Raf8 28. Re1 e2 29. h3 Qd2 30. d7 Qxd7 31. Rxe2 Rxe2 32.
Qxe2 Qd4+ 33. Kh1 Rd8 34. Re1 h6 35. Qe3 Qxe3 36. Rxe3 Rd1+ 37. Kh2 Ra1 38.
b4 axb4 39. axb4 Rb1 40. Re4 Rb3 41. h4 Kg8 42. g3 Kf7 43. Kh3 Kf6 44. Kg4
g6 45. Kf4 h5 46. g4 Rh3 47. g5+ Kf7 48. Ke5 Rg3 49. Kd6 Rg4 50. Re7+ Kf8
51. Rxb7 Rxh4 52. b5 cxb5 53. c6 Rd4+ 54. Kc5 Rc4+ 55. Kxb5 Rc1 56. c7 Rb1+
57. Kc6 Rc1+ 58. Kd7 Rd1+ 59. Kc8 Ke7 60. Rb4 Rc1 61. Rb6 h4 62. Rxg6 h3
63. Rh6 Rc5 64. g6 Kf6 65. Rxh3 Kxg6 66. Rd3 Kf6 67. Kd7 Rc2 68. c8=Q Rxc8
69. Kxc8 0-1

[Event "WCh w Blitz Quarter-Final"]
[Site "Moscow RUS"]
[Date "2010.09.14"]
[Round "3"]
[White "Chasovnikova,E"]
[Black "Severina,M"]
[Result "1-0"]
[WhiteElo "2248"]
[BlackElo "2032"]
[EventDate "2010.09.14"]

1. d4 Nf6 2. Nf3 e6 3. c4 b6 4. g3 Bb7 5. Bg2 c5 6. d5 exd5 7. cxd5 Bxd5 8.
Nc3 Bb7 9. O-O Be7 10. Qc2 d5 11. Rd1 Nbd7 12. Bg5 d4 13. Bxf6 Bxf6 14. Nb5
O-O 15. Nd6 Bc6 16. Ng5 Bxg5 17. Bxc6 Rb8 18. Qf5 Be7 19. Nxf7 Rxf7 20.
Qxd7 Qxd7 21. Bxd7 Rf6 22. f4 Rd8 23. Bb5 Kf8 24. Kg2 Ra8 25. a4 a6 26. Bc4
a5 27. Rf1 Bd6 28. Rf3 Re8 29. Raf1 Bb8 30. g4 Rd6 31. g5 g6 32. f5 gxf5
33. Rxf5+ Ke7 34. Rf7+ Kd8 35. Rxh7 Rg6 36. h4 Rd6 37. Bb5 Rg8 38. Rff7 Bc7
39. Rxc7 1-0

[Event "WCh w Blitz Quarter-Final"]
[Site "Moscow RUS"]
[Date "2010.09.14"]
[Round "3"]
[White "Bogumil,T"]
[Black "Mikhailova,I"]
[Result "0-1"]
[WhiteElo "2096"]
[BlackElo "2288"]
[EventDate "2010.09.14"]

1. Nf3 Nf6 2. c4 g6 3. b3 Bg7 4. Bb2 O-O 5. g3 c5 6. Bg2 e6 7. O-O d5 8.
cxd5 exd5 9. d3 Nc6 10. Nbd2 b6 11. Rc1 Bb7 12. Qc2 Re8 13. Rfe1 d4 14. Nc4
Rc8 15. Rcd1 Rc7 16. Bc1 Rce7 17. Bg5 h6 18. Bxf6 Bxf6 19. a3 Kg7 20. Qd2
b5 21. Nb2 Ne5 22. Nxe5 Rxe5 23. Rc1 Bxg2 24. Kxg2 Qd5+ 25. f3 Qxb3 26. a4
a6 27. Rb1 Qc3 28. Qd1 Qxe1 29. Qxe1 Rxe2+ 30. Qf2 Rxf2+ 31. Kxf2 Re3 32.
Rc1 Be7 33. Rc2 Bd6 34. Rd2 Re7 35. Rd1 Rc7 36. Rc1 Kf6 37. Ke2 Ke5 38. Kd2
Kd5 39. Ra1 c4 40. Kc2 c3 41. Nd1 b4 42. Rb1 a5 43. Nf2 f5 44. Re1 Re7 45.
Rxe7 Bxe7 46. Nh3 Bg5 47. f4 Be7 48. Ng1 Bf6 49. Nf3 Kc5 50. Kb3 g5 51.
fxg5 hxg5 52. Ne1 Kd5 53. Kc2 g4 54. Ng2 Bg5 55. Kb3 Ke5 56. Kc2 f4 57. Kb3
f3 58. Ne1 f2 59. Nc2 f1=Q 0-1

[Event "WCh w Blitz Quarter-Final"]
[Site "Moscow RUS"]
[Date "2010.09.14"]
[Round "3"]
[White "Kharmunova,N"]
[Black "Sukhareva,V"]
[Result "1-0"]
[WhiteElo "2121"]
[BlackElo "1936"]
[EventDate "2010.09.14"]

1. d4 d6 2. e4 Nd7 3. Nc3 e5 4. Nf3 c6 5. Be3 Be7 6. Bd3 Ngf6 7. Qd2 Qc7 8.
O-O-O Nf8 9. Bc4 b5 10. Bb3 a5 11. Ng5 Ne6 12. Nxe6 fxe6 13. dxe5 dxe5 14.
a4 Ba6 15. f4 Ng4 16. Bxe6 Nxe3 17. Qxe3 exf4 18. Qd4 Bf6 19. Qc5 Bxc3 20.
Rd7 Bxb2+ 21. Kxb2 Qxd7 22. Bxd7+ Kxd7 23. Rd1+ Kc7 24. Qe5+ Kb6 25. Rd7
Rac8 26. Qd4+ c5 27. Qxg7 bxa4 28. Qf6+ Kb5 29. c4+ Kxc4 30. Qxa6+ 1-0

[Event "WCh w Blitz Quarter-Final"]
[Site "Moscow RUS"]
[Date "2010.09.14"]
[Round "3"]
[White "Zarivkina,V"]
[Black "Vasiukova,E"]
[Result "1-0"]
[WhiteElo "2084"]
[BlackElo "1746"]
[EventDate "2010.09.14"]

1. e4 c6 2. d4 d5 3. Nd2 dxe4 4. Nxe4 Bf5 5. Ng3 Bg6 6. h4 h6 7. Nf3 Nd7 8.
h5 Bh7 9. Bd3 Bxd3 10. Qxd3 e6 11. Bf4 Ngf6 12. O-O-O Be7 13. Ne4 Nd5 14.
Bd2 N7f6 15. Ne5 O-O 16. f3 Qc7 17. g4 c5 18. Nxf6+ Bxf6 19. f4 cxd4 20.
Qxd4 Bxe5 21. fxe5 Rfc8 22. c3 Qc4 23. Qxc4 Rxc4 24. g5 hxg5 25. Bxg5 Rg4
26. Rdg1 Rxg1+ 27. Rxg1 Kh7 28. Rf1 Rf8 29. a3 b5 30. Bd2 a6 31. Kc2 Ne7
32. Kb3 Nf5 33. Bf4 Rd8 34. Kb4 f6 35. Ka5 fxe5 36. Bxe5 Rd2 37. b3 Ra2 38.
a4 bxa4 39. bxa4 Re2 40. Bc7 Re3 41. Rc1 Rh3 42. Kxa6 Rxh5 43. a5 Ne7 44.
Kb7 Rb5+ 45. Ka6 Rc5 46. Bb6 Rc6 47. Kb5 Rd6 48. c4 Rd2 49. Rb1 1-0

[Event "WCh w Blitz Quarter-Final"]
[Site "Moscow RUS"]
[Date "2010.09.14"]
[Round "4"]
[White "Nikitina,E"]
[Black "Sukhareva,E"]
[Result "1-0"]
[WhiteElo "2011"]
[BlackElo "2176"]
[EventDate "2010.09.14"]

1. d4 d5 2. Nf3 e6 3. e3 c6 4. Bd3 Nf6 5. Ne5 g6 6. Nd2 Bg7 7. O-O O-O 8.
f4 Nfd7 9. c3 Qe7 10. Qe2 c5 11. Ndf3 b6 12. Bd2 f6 13. Nxd7 Nxd7 14. e4
Re8 15. e5 f5 16. b3 a6 17. Rfc1 Bb7 18. c4 cxd4 19. Nxd4 Nc5 20. cxd5 Bxd5
21. Bc4 Red8 22. Be3 Bf8 23. Bxd5 Rxd5 24. b4 Ne4 25. Nc6 Qb7 26. a3 h6 27.
a4 Rc8 28. b5 a5 29. Ra2 Qd7 30. h3 Bc5 31. Bxc5 Nxc5 32. Kh2 Kf7 33. Rcc2
Ne4 34. Qe3 Qb7 35. Rc1 Rc7 36. Raa1 Rcd7 37. Ra2 Rd3 38. Qe2 Qa8 39. Rac2
Qf8 40. Rc4 Qa3 41. Nb8 Rd2 1-0

[Event "WCh w Blitz Quarter-Final"]
[Site "Moscow RUS"]
[Date "2010.09.14"]
[Round "4"]
[White "Krasenkova,I"]
[Black "Fominykh,M"]
[Result "1/2-1/2"]
[WhiteElo "2121"]
[BlackElo "2305"]
[EventDate "2010.09.14"]

1. d4 d6 2. c4 e5 3. d5 f5 4. Nc3 Nf6 5. Bg5 Be7 6. Bxf6 Bxf6 7. e3 O-O 8.
Nf3 a5 9. Be2 Na6 10. a3 Bd7 11. Rc1 Nc5 12. b4 axb4 13. axb4 Na4 14. Nxa4
Rxa4 15. Qd2 c5 16. dxc6 Bxc6 17. b5 Be4 18. O-O Qe7 19. Bd1 Ra3 20. Be2
Rd8 21. Rfd1 h6 22. Qb2 Raa8 23. Qb3 Kh7 24. Nd2 d5 25. Nxe4 dxe4 26. Rxd8
Rxd8 27. c5 Rd2 28. Bc4 h5 29. Bg8+ Kh6 30. Qe6 Qxc5 31. Rf1 Qf8 32. g3 Rd6
33. Qf7 Qxf7 34. Bxf7 Bd8 35. Rc1 Kg5 36. h4+ Kh6 37. Rc8 g6 38. Rb8 Rd7
39. Bc4 Kg7 40. Kg2 Be7 41. Rg8+ Kf6 42. Re8 Rc7 43. Bd5 Rd7 44. Bc4 Rc7
45. Bd5 b6 46. Bc6 Bc5 47. Rd8 Re7 48. Rf8+ Rf7 49. Rxf7+ Kxf7 50. Kf1 Kf6
51. Be8 Bd6 52. Ke2 f4 53. Bc6 Kf5 54. Bd7+ Kf6 55. Bc6 Kf5 56. Bd7+ Kf6
57. Bc6 Kf5 58. Bd7+ 1/2-1/2

[Event "WCh w Blitz Quarter-Final"]
[Site "Moscow RUS"]
[Date "2010.09.14"]
[Round "4"]
[White "Mikhailova,I"]
[Black "Zarivkina,V"]
[Result "1-0"]
[WhiteElo "2288"]
[BlackElo "2084"]
[EventDate "2010.09.14"]

1. d4 Nf6 2. Nf3 g6 3. c4 Bg7 4. Nc3 O-O 5. e4 d6 6. Be2 Nbd7 7. O-O c6 8.
Be3 e5 9. d5 c5 10. Nd2 h6 11. Rb1 b6 12. b4 Ne8 13. bxc5 Nxc5 14. Na4 Nd7
15. Nc3 f5 16. f3 Ndf6 17. a4 g5 18. a5 f4 19. Bf2 bxa5 20. c5 h5 21. Nc4
dxc5 22. Bxc5 Rf7 23. d6 Bd7 24. Nd5 g4 25. Ne7+ Kh7 26. Nxe5 Rf8 27. N5g6
Rf7 28. e5 Ng8 29. Qd3 Kh6 30. Nxg8+ Kh7 31. N6e7+ Kh8 32. Qg6 Rxe7 33.
Nxe7 gxf3 34. Bd3 Nf6 35. exf6 1-0

[Event "WCh w Blitz Quarter-Final"]
[Site "Moscow RUS"]
[Date "2010.09.14"]
[Round "4"]
[White "Meshcheriakova,E"]
[Black "Abdumalik,Z"]
[Result "1-0"]
[WhiteElo "2260"]
[BlackElo "1870"]
[EventDate "2010.09.14"]

1. e4 c5 2. Nf3 e6 3. Nc3 d6 4. d4 cxd4 5. Nxd4 a6 6. Be3 Nf6 7. Bd3 Be7 8.
f4 Nbd7 9. Qf3 Qc7 10. O-O O-O 11. g4 b5 12. g5 Ne8 13. Qh5 g6 14. Qh6 Ng7
15. f5 Re8 16. f6 Bf8 17. fxg7 Bxg7 18. Qh3 Nc5 19. Qf3 Bb7 20. Rad1 Nxd3
21. cxd3 Rad8 22. Rc1 Qe7 23. Nde2 d5 24. exd5 exd5 25. Bd4 b4 26. Bxg7
Kxg7 27. Qf6+ Qxf6 28. gxf6+ Kg8 29. Nd4 bxc3 30. Rxc3 Re5 31. Rc7 Rg5+ 32.
Kf2 Ba8 33. Re1 Rg4 34. Ke3 Re8+ 35. Re7 Rf8 36. Rc1 Rg2 37. Rc2 Rg4 38.
Rcc7 Rh4 39. Ra7 Rh3+ 40. Kd2 Rxh2+ 41. Kc3 Rh4 42. Rxa6 Rc8+ 43. Kb3 Rxd4
44. Raa7 Rxd3+ 45. Ka4 Bc6+ 46. Ka5 Rf8 47. Kb6 Be8 48. Ra8 Rd2 49. Rexe8
Rxb2+ 50. Kc5 Rc2+ 51. Kd6 Rxe8 52. Rxe8+ 1-0

[Event "WCh w Blitz Quarter-Final"]
[Site "Moscow RUS"]
[Date "2010.09.14"]
[Round "4"]
[White "Mirzoeva,E"]
[Black "Kharmunova,N"]
[Result "1-0"]
[WhiteElo "2239"]
[BlackElo "2121"]
[EventDate "2010.09.14"]

1. d4 d5 2. Nf3 Nf6 3. c4 dxc4 4. Nc3 c5 5. e3 Nc6 6. Bxc4 Bg4 7. d5 Nb8 8.
h3 Bxf3 9. Qxf3 g6 10. O-O Bg7 11. Qe2 O-O 12. a4 a6 13. a5 Nfd7 14. Bb3
Ne5 15. e4 b5 16. f4 Ned7 17. e5 Ra7 18. Ne4 Rb7 19. Be3 c4 20. Bc2 Re8 21.
Rfd1 Nf8 22. Nc5 Rc7 23. Qf2 Nfd7 24. Ne4 Nf8 25. Bb6 Qc8 26. Bxc7 Qxc7 27.
d6 Qc8 28. dxe7 Rxe7 29. Qc5 Rc7 30. Qe3 Nc6 31. Nd6 Qb8 32. Qb6 Ne6 33.
Be4 Nxf4 34. Bxc6 Qxb6+ 35. axb6 Rxc6 36. b7 Rb6 37. Rxa6 1-0

[Event "WCh w Blitz Quarter-Final"]
[Site "Moscow RUS"]
[Date "2010.09.14"]
[Round "4"]
[White "Severina,M"]
[Black "Sharapova,A"]
[Result "1-0"]
[WhiteElo "2032"]
[BlackElo "2024"]
[EventDate "2010.09.14"]

1. d4 Nf6 2. c4 c5 3. Nf3 cxd4 4. Nxd4 Nc6 5. Nc3 e6 6. e4 Bb4 7. f3 d5 8.
cxd5 exd5 9. Bb5 Bd7 10. O-O Bc5 11. Be3 Nxd4 12. Bxd7+ Nxd7 13. Bxd4 Qb6
14. Bxc5 Qxc5+ 15. Kh1 d4 16. Ne2 O-O 17. Qxd4 Qe7 18. Rfd1 Rad8 19. Qxa7
Qb4 20. Qd4 Qb5 21. Ng3 Qg5 22. Qd2 Qg6 23. Qf2 Qf6 24. b3 Ne5 25. Qe2 Ng6
26. Rxd8 Rxd8 27. Rd1 Rf8 28. Nf5 Nf4 29. Qd2 Qe5 30. Qd4 Qc7 31. Qxg7+ 1-0